00265nam a22001097a 4500008004100000020001400041082001600055100001400071245003000085260003100115300000900146230703b xxu||||| |||| 00| 0 eng d a333900585 a342.54bJOS cG.N Joshi athe Constitution of India bMacmillan India ltd c1983 a461p